MARC

LEADER 00000nam0a2200000 4500
001 146474
005 20231101221228.0
035 |a (RuTPU)RU\TPU\book\158771 
090 |a 146474 
100 |a 20081030d1978 m y0rusy50 ca 
101 0 |a rus 
102 |a RU 
105 |a a z 001zb 
200 1 |a Фредерик Содди (1877-1956)  |f А. Н. Кривомазов 
210 |a Москва  |c Наука  |d 1978 
215 |a 207 с.  |c ил. 
225 1 |a Научно-биографическая серия 
320 |a Библиогр.: с. 182-203. 
320 |a Указатель имен: с. 204-206. 
600 1 |a Содди  |b Ф.  |c Soddy  |c английский радиохимик  |f 1877-1956  |g Фредерик  |c Нобелевский лауреат  |2 stltpush  |3 (RuTPU)RU\TPU\pers\19646 
606 1 |a Химики  |x Персоналии  |2 stltpush  |3 (RuTPU)RU\TPU\subj\69968  |9 84576 
610 1 |a химическая наука 
610 1 |a история 
610 1 |a 19 век 
610 1 |a 20 век 
610 1 |a радиохимия 
675 |a 54(092)  |v 3 
675 |a 544.58  |v 3 
700 1 |a Кривомазов  |b А. Н.  |g Александр Николаевич 
801 1 |a RU  |b 63413507  |c 20081030  |g PSBO 
801 2 |a RU  |b 63413507  |c 20140623  |g PSBO 
942 |c BK